An act appointing Thursday the thirteenth of June, 1650. to be kept as a day of solemn fasting and humiliation : and declaring the reasons and grounds thereof.

Bibliographic Details
Corporate Author: England and Wales. Parliament
Format: eBook
Language:English
Published: London : Printed by Edward Husband and Iohn Field, Printers to the Parliament of England, 1650.
Series:Early English books online.
Subjects:
Online Access:Connect to the full text of this electronic book

MARC

Tag First Indicator Second Indicator Subfields
LEADER 00000nam a2200000 4500
001 in00004289613
005 20200813082554.0
006 m g d
007 cr bn |||a|bb|
008 940817s1650 enk o o00| | eng d
035 |a (UnM)99870105 
037 |a CL0051000009  |b ProQuest Information and Learning. 300 N. Zeeb Rd., Ann Arbor, MI 48106 
040 |a Cu-RivES  |c Cu-RivES  |d CStRLIN  |e dcrb  |d WaOLN 
110 1 |a England and Wales.  |b Parliament. 
245 1 3 |a An act appointing Thursday the thirteenth of June, 1650. to be kept as a day of solemn fasting and humiliation :  |b and declaring the reasons and grounds thereof. 
260 |a London :  |b Printed by Edward Husband and Iohn Field, Printers to the Parliament of England,  |c 1650. 
300 |a 1 online resource (1 sheet ([1] pages) 
336 |a text  |b txt  |2 rdacontent 
337 |a computer  |b c  |2 rdamedia 
338 |a online resource  |b cr  |2 rdacarrier 
500 |a Order to print dated: Die Martis, 21 Maii, 1650. Signed: Hen: Scobell, Cleric. Parliamenti. 
500 |a Reproduction of the original in the British Library. 
510 4 |a Wing (2nd. edition, 1994)  |c E982. 
510 4 |a Thomason  |c 669.f.15[30]. 
510 3 |a Steele, I, 2897. 
533 |a Electronic reproduction.  |b Ann Arbor, Mich. :  |c UMI,  |d 1999-  |f (Early English books online)  |n Digital version of: (Thomason Tracts ; 246:669f15[30])  |7 s1999 miun s 
650 0 |a Fasts and feasts  |z Great Britain  |v Early works to 1800. 
650 0 |a Public worship  |z Great Britain  |v Early works to 1800. 
651 0 |a Great Britain  |x Politics and government  |y 1649-1660  |v Early works to 1800. 
830 0 |a Early English books online. 
856 4 0 |u http://proxy.library.tamu.edu/login?url=https://search.proquest.com/docview/2240951756  |z Connect to the full text of this electronic book  |t 0 
999 f f |s 10c40572-64fd-374e-bba4-3f79f19c8307  |i 9d0557ea-2b0c-3249-b667-b133b118b02c  |t 0 
952 f f |a Texas A&M University  |b College Station  |c Electronic Resources  |d Available Online  |t 0  |h No information provided 
998 f f |t 0  |l Available Online